000 00526nam a2200217Ia 4500
003 OSt
005 20221005132935.0
006 a|||||r|||| 00| 0
007 ta
008 221004b |||||||| |||| 00| 0 tam d
024 _a47633
037 _cTextual
040 _aCRL
_cCRL
_btam
041 _2tam
_atam
082 _aO31vN5, J9
100 _aKapilan
_9625856
245 0 _aVazhaiyddi vazhai
650 _aTAMIL LITERATURE
942 _hO31vN5, J9
_cTEXL
_2cc
999 _c1065235
_d1065235